000 01038cam a22002654a 4500
999 _c3047
_d3047
003 OSt
005 20210810070314.0
008 010601s2002 paua b 001 0 eng
020 _a0721690580 (set)
040 _cALUPE UNIVERSITY
042 _apcc
050 0 0 _aRC871
_b.C33 2002
245 0 0 _aCampbell's urology /
_ceditor-in-chief, Patrick C. Walsh ; editors, Alan B. Retik ... [et al.]
250 _a8th ed.
260 _aPhiladelphia, PA :
_bSaunders,
_cc2002.
300 _a4 v (xl, 3954, 128 p.) :
_bill. (some col.) ;
_c29 cm.
504 _aIncludes bibliographical references and index.
650 0 _aUrology.
700 1 _aCampbell, Meredith F.
_q(Meredith Fairfax),
_d1894-1968.
700 1 _aWalsh, Patrick C.,
_d1938-
700 1 _aRetik, Alan B.
_q(Alan Burton),
_d1932-
906 _a7
_bcbc
_corignew
_d1
_eocip
_f20
_gy-gencatlg
942 _2lcc
_cBK
_nJO